| 000 | 00723cam a2200205 4500 | ||
|---|---|---|---|
| 082 |
_a330.942 _bKNO |
||
| 100 | 1 |
_aKnowles, L. C. A. _949231 |
|
| 245 | 1 | 4 |
_aThe economic development of the British overseas empire _cby L.C.A. Knowles. |
| 250 | _aVol I | ||
| 260 |
_aLondon, _bG. Routledge, _c1924-1936. |
||
| 300 |
_axv,555 p. _bfronts. (v. 2: port.) fold. maps. _c23 cm. |
||
| 490 | 1 | _aStudies in economics and political science ; | |
| 500 | _aVols. 2-: By the late L.C.A. Knowles ... and C.M. Knowles. | ||
| 526 |
_a0 _b0 _c0 _d330_942000000000000_KNO |
||
| 590 | _aMaster negative: 97-10040-5. | ||
| 590 | _aNo. 5 on a reel of 5 titles. | ||
| 650 |
_aMCE _9379 |
||
| 700 | 1 |
_aKnowles, C. M. _949232 |
|
| 942 |
_2ddc _cBK |
||
| 999 |
_c552041 _d552041 |
||